000 01143nam a2200301 a 4500
001 ebr10323333
003 CaPaEBR
006 m u
007 cr cn|||||||||
008 091007s2007 ii a sb 001 0 eng d
020 _z9788122419702
020 _z9788122423037
020 _z9788122423057
040 _aCaPaEBR
_cCaPaEBR
035 _a(OCoLC)646817594
050 1 4 _aRS403
_b.K37 2007eb
100 1 _aKar, Ashutosh.
245 1 0 _aMedicinal chemistry
_h[electronic resource] /
_cAshutosh Kar.
250 _aRev. and expanded 4th ed.
260 _aNew Delhi :
_bNew Age International (P) Ltd., Publishers,
_c2007.
300 _axxv, 933 p. :
_bill.
504 _aIncludes bibliographical references and index.
533 _aElectronic reproduction.
_bPalo Alto, Calif. :
_cebrary,
_d2009.
_nAvailable via World Wide Web.
_nAccess may be limited to ebrary affiliated libraries.
650 0 _aPharmaceutical chemistry.
655 7 _aElectronic books.
_2local
710 2 _aebrary, Inc.
856 4 0 _uhttp://site.ebrary.com/lib/rucke/Doc?id=10323333
_zAn electronic book accessible through the World Wide Web; click to view
999 _c54690
_d54690